[Event "2011"]
[Site "http://www.queenalice.com/game.php?id=899343"]
[Date "2011.2.12"]
[Round "-"]
[White "filipewao"]
[Black "GleidsonVigne"]
[Result "0-1"]
[WhiteElo "1597"]
[BlackElo "1700"]

1. e4 e5 2. Nf3 Nc6 3. c4 Bb4 4. Bd3 Nf6 5. O-O d6 6. Qb3 Bg4 7. Ng5 Nh5 8. c5
Qxg5 9. Bb5 Bxc5 10. d3 Nf4 11. Bxf4 exf4 12. Nd2 f3 13. g3 Ke7 14. Nc4 Nd4 15.
Qd1 Ne2+ 16. Kh1 Bh3 17. Rg1 Bxf2 18. Rf1 Bg2# 0-1

[Event "AUTO-INT-1859"]
[Site "http://www.queenalice.com/game.php?id=899858"]
[Date "2011.2.13"]
[Round "2"]
[White "GleidsonVigne"]
[Black "h2go"]
[Result "0-1"]
[WhiteElo "1672"]
[BlackElo "2040"]

1. d4 d5 2. Nc3 Nf6 3. Nf3 e6 4. Bg5 h6 5. Bxf6 gxf6 6. Qd3 Nc6 7. O-O-O Nb4 8.
Qb5+ c6 9. Qa4 a5 10. Re1 b5 11. Nxb5 cxb5 12. Qxb5+ Bd7 13. e4 Bxb5 14. Bxb5+
Ke7 15. a3 Qb6 16. c4 Nd3+ 17. Kc2 Nxe1+ 18. Rxe1 dxc4 19. Bxc4 Rc8 20. Nd2 Qxd4
21. b3 Bg7 22. Nf3 Rxc4+ 23. bxc4 Qxf2+ 24. Kc1 f5 25. exf5 Qb2+ 26. Kd1 Rd8+
27. Nd2 Qxd2# 0-1

[Event "AUTO-INT-1859"]
[Site "http://www.queenalice.com/game.php?id=899861"]
[Date "2011.2.13"]
[Round "2"]
[White "joaoreis001"]
[Black "GleidsonVigne"]
[Result "1-0"]
[WhiteElo "1761"]
[BlackElo "1670"]

1. d3 d5 2. e3 d4 3. Nf3 c5 4. h3 Nc6 5. c3 e5 6. e4 dxc3 7. Nxc3 f5 8. Bg5 Be7
9. h4 fxe4 10. Bxe7 Qxe7 11. dxe4 a6 12. Qb3 b5 13. Nd5 Qe6 14. Nc7+ Ke7 15.
Nxe6 Bxe6 16. Qc2 Nb4 17. Qxc5+ Kf6 18. Qxe5+ Kf7 19. Ng5+ Kf8 20. Qd6+ Ne7 21.
Qxe6 Nc2+ 22. Kd2 Nxa1 23. Qf7# 1-0

[Event "AUTO-INT-1859"]
[Site "http://www.queenalice.com/game.php?id=899862"]
[Date "2011.2.13"]
[Round "2"]
[White "GleidsonVigne"]
[Black "joaoreis001"]
[Result "1-0"]
[WhiteElo "1683"]
[BlackElo "1717"]

1. d4 d6 2. d5 Nf6 3. Bg5 Ne4 4. Nf3 h6 5. Be3 Bf5 6. h3 Qd7 7. g4 Bg6 8. Nd4 e5
9. Nf3 c5 10. c4 Be7 11. a3 f5 12. gxf5 Qxf5 13. h4 O-O 14. Bh3 Qf7 15. Be6 Qxe6
16. dxe6 Nc6 17. Qb3 Na5 18. Qb5 b6 19. Qd7 Rfe8 20. Rg1 Kh7 21. b4 Nxc4 22. Ra2
Nxe3 23. fxe3 Bh5 24. Nbd2 Nf6 25. Qb7 cxb4 26. Rc2 bxa3 27. Rc7 e4 28. Rxe7
exf3 29. Rexg7+ Kh8 30. Rh7+ Nxh7 31. Qg7# 1-0

[Event "AUTO-ADV-2176"]
[Site "http://www.queenalice.com/game.php?id=944363"]
[Date "2011.5.30"]
[Round "1"]
[White "tewald"]
[Black "GleidsonVigne"]
[Result "1-0"]
[WhiteElo "1889"]
[BlackElo "1720"]

1. e4 e5 2. Nf3 Nc6 3. d4 f6 4. d5 Nb4 5. c4 c6 6. a3 Qa5 7. Nc3 Na6 8. Bd2 h5
9. Nh4 g5 10. Ng6 Rh6 11. Nxf8 Kxf8 12. b4 Qd8 13. c5 b5 14. Be2 Qe8 15. d6 Qg6
16. Qc2 h4 17. Nd1 Rh7 18. h3 Nh6 19. O-O f5 20. exf5 Nxf5 21. Bd3 Rf7 22. g4
Nd4 23. Bxg6 Ne2+ 24. Kg2 Nd4 25. Qa2 Rf6 26. Bh7 Ne6 27. Bc3 Nf4+ 28. Kh2 Ne6
29. Bxe5 Rf7 30. Bg6 Rf3 31. Ne3 Bb7 32. Kg2 Rxe3 33. fxe3+ Kg8 34. Bf7+ Kf8 35.
Bxe6+ Ke8 36. Bg8 Nc7 37. Bf6 Nd5 38. Bxg5 a5 39. Qf2 Nf4+ 40. Qxf4 axb4 41.
Qf8# 1-0

[Event "AUTO-ADV-2176"]
[Site "http://www.queenalice.com/game.php?id=944364"]
[Date "2011.5.30"]
[Round "1"]
[White "GleidsonVigne"]
[Black "tewald"]
[Result "0-1"]
[WhiteElo "1729"]
[BlackElo "1916"]

1. e4 e6 2. Nf3 d5 3. e5 c5 4. Bb5+ Nc6 5. c3 Bd7 6. d4 Nxe5 7. Bg5 Nxf3+ 8.
Qxf3 Qxg5 9. Bxd7+ Kxd7 10. Na3 cxd4 11. cxd4 Bb4+ 12. Kf1 Nf6 13. h4 Qg4 14.
Nc2 Qxf3 15. gxf3 Bd6 16. b4 Nh5 17. Rg1 g6 18. a4 Rac8 19. Ra2 Nf4 20. b5 Rc4
21. a5 Bb4 22. Rb2 Rhc8 23. Rg4 Bd6 24. Ne1 Bb4 25. Ng2 Rc1+ 26. Ne1 Rxe1# 0-1

[Event "AUTO-ADV-2176"]
[Site "http://www.queenalice.com/game.php?id=944375"]
[Date "2011.5.30"]
[Round "1"]
[White "Markan"]
[Black "GleidsonVigne"]
[Result "0-1"]
[WhiteElo "1749"]
[BlackElo "1712"]

1. e4 e5 2. Nf3 Nc6 3. Bc4 Nd4 4. Ng5 Qxg5 5. O-O d6 6. Be2 Bh3 7. Bf3 Nf6 8.
Re1 d5 9. exd5 e4 10. g3 Nxf3+ 0-1

[Event "AUTO-ADV-2176"]
[Site "http://www.queenalice.com/game.php?id=944376"]
[Date "2011.5.30"]
[Round "1"]
[White "GleidsonVigne"]
[Black "Markan"]
[Result "0-1"]
[WhiteElo "1728"]
[BlackElo "1783"]

1. e4 e5 2. d4 d6 3. d5 Nf6 4. Bg5 h6 5. Bxf6 Qxf6 6. Nc3 c6 7. a4 cxd5 8. Nxd5
Qd8 9. a5 Be6 10. Nc3 Be7 11. Bd3 O-O 12. Nf3 Nc6 13. a6 bxa6 14. Bxa6 Nb4 15.
Bb7 Rb8 16. Rxa7 Qb6 17. Ra8 Rxa8 18. Bxa8 Rxa8 19. b3 Ra1 20. Qxa1 Nxc2+ 21.
Ke2 Nxa1 22. Rxa1 Bxb3 23. Nd2 Be6 24. Ra8+ Kh7 25. Ra3 d5 26. exd5 Bxa3 27.
dxe6 Qxe6 28. h3 Bb4 29. Nce4 Bxd2 30. Kxd2 Qd5+ 31. Ke3 Qd4+ 32. Kf3 f5 33. Kg3
Qxe4 34. f3 Qf4+ 35. Kf2 g5 36. Kg1 e4 37. Kf2 exf3 38. gxf3 g4 39. hxg4 fxg4
40. Ke2 Qxf3+ 41. Kd2 g3 42. Kc2 g2 43. Kb2 g1=Q 44. Kc2 Qgg2+ 45. Kb1 Qff1# 0-1

[Event "AUTO-ADV-2176"]
[Site "http://www.queenalice.com/game.php?id=944381"]
[Date "2011.5.30"]
[Round "1"]
[White "Artking"]
[Black "GleidsonVigne"]
[Result "0-1"]
[WhiteElo "1892"]
[BlackElo "1704"]

1. g4 Nf6 2. g5 Ne4 3. h4 h6 4. d3 Nc5 5. Bg2 d5 6. b4 Na4 7. c4 Qd7 8. Bxd5 e6
9. Bg2 Qd4 10. Qxa4+ Bd7 11. Qb3 Qxa1 12. Bxb7 Bc6 13. Bxa8 Bxh1 14. Bxh1 Be7
15. Nf3 f6 16. Nfd2 hxg5 17. Bb2 Qxb1+ 18. Nxb1 Rxh4 19. Bf3 g4 20. Bg2 Rh2 21.
Qa4+ Kf7 22. Kf1 Bd6 23. Nd2 f5 24. e4 f4 25. Qxa7 f3 26. Kg1 Rxg2+ 27. Kf1 Bh2
28. Ke1 Nc6 29. Qa8 Nxb4 30. Qh8 Nxd3+ 31. Kd1 Nxb2+ 32. Kc2 Be5 33. Qh5+ Kf6
34. Qh4+ Kg6 35. c5 Bf6 36. Qh8 Rxf2 37. Qe8+ Kg5 38. Qxe6 g6 39. e5 Bh8 40.
Qe7+ Kf4 41. Qf8+ Ke3 42. Qxh8 Rxd2+ 43. Kb3 f2 44. Qh3+ gxh3 0-1

[Event "AUTO-ADV-2176"]
[Site "http://www.queenalice.com/game.php?id=944382"]
[Date "2011.5.30"]
[Round "1"]
[White "GleidsonVigne"]
[Black "Artking"]
[Result "0-1"]
[WhiteElo "1711"]
[BlackElo "1927"]

1. Nf3 Nf6 2. d4 c5 3. d5 g6 4. Nc3 Bg7 5. e4 d6 6. Bb5+ Nbd7 7. O-O a6 8. Bxd7+
Bxd7 9. Re1 O-O 10. e5 dxe5 11. Rxe5 Ng4 12. Re4 Bf5 13. Re2 Qc7 14. g3 Rad8 15.
Qe1 Rfe8 16. Bf4 Qc8 17. Rd1 Nf6 18. Nh4 Bd7 19. d6 e6 20. Qd2 b5 21. Bg5 Bc6
22. Qf4 Nh5 23. Qg4 f5 24. Qh3 Rd7 25. g4 fxg4 26. Qxg4 Bd4 27. Rxe6 Rf8 28. Rf1
Rdf7 29. Nd1 Ng7 30. Be7 Nxe6 31. Nf5 Rxf5 32. Bxf8 Rg5 33. Qxg5 Nxg5 34. Re1
Qg4+ 35. Kf1 Bg2+ 36. Kg1 Nh3# 0-1

[Event "AUTO-ADV-2209"]
[Site "http://www.queenalice.com/game.php?id=956736"]
[Date "2011.7.4"]
[Round "1"]
[White "Korchnoico"]
[Black "GleidsonVigne"]
[Result "0-1"]
[WhiteElo "1815"]
[BlackElo "1674"]

1. d4 d5 2. c4 dxc4 3. e4 b5 4. Be3 Nc6 5. d5 Ne5 6. f4 Ng4 7. Qf3 e5 8. f5 N4f6
9. Nc3 Ba6 10. O-O-O Nh6 11. Bxh6 gxh6 12. Nge2 b4 13. Nb1 h5 14. Ng3 Rb8 15.
Nxh5 b3 16. a3 c5 17. Ng3 Bh6+ 18. Nd2 Qa5 19. Qe2 Rb4 20. Kb1 Ra4 21. Nf3 Qb6
22. Nxe5 c3 23. d6 Bxe2 24. Bxe2 c2+ 0-1

[Event "AUTO-ADV-2209"]
[Site "http://www.queenalice.com/game.php?id=956737"]
[Date "2011.7.4"]
[Round "1"]
[White "GleidsonVigne"]
[Black "Korchnoico"]
[Result "1-0"]
[WhiteElo "1696"]
[BlackElo "1791"]

1. d4 d5 2. Nc3 e6 3. e4 Nc6 4. Nf3 dxe4 5. Nxe4 Nf6 6. Bg5 Be7 7. Bxf6 Bxf6 8.
Bb5 Bd7 9. Nc5 Rb8 10. a4 O-O 11. O-O a6 12. Bd3 Be7 13. Ne4 f5 14. Ng3 Bf6 15.
c3 Na7 16. Re1 Nc6 17. Bc4 Re8 18. Nxf5 Kh8 19. N5h4 Bxh4 20. Ne5 Nxe5 21. Rxe5
Bf6 22. Rh5 g6 23. Rh6 Re7 24. Qg4 e5 25. Qxg6 Qf8 26. Re1 Be8 27. Qxf6+ Qxf6
28. Rxf6 e4 29. Rf8+ Kg7 30. Rg8+ Kh6 31. Re3 b5 32. Rh3+ Bh5 33. Rxb8 bxc4 34.
Rg8 Re6 35. g4 1-0

[Event "AUTO-ADV-2209"]
[Site "http://www.queenalice.com/game.php?id=956752"]
[Date "2011.7.4"]
[Round "1"]
[White "Tigrao"]
[Black "GleidsonVigne"]
[Result "1-0"]
[WhiteElo "1859"]
[BlackElo "1704"]

1. e4 e5 2. Nf3 Nc6 3. Bb5 Nd4 4. Nxd4 exd4 5. O-O a6 6. Bc4 b5 7. Be2 Bb7 8. d3
d5 9. exd5 Qxd5 10. Bf3 Qd6 11. Bxb7 Rd8 12. Re1+ Be7 13. Qg4 Kf8 14. a3 Nf6 15.
Qf3 Rb8 16. Bg5 b4 17. a4 b3 18. c4 Qb4 19. Bd2 Qb6 20. Be4 Bd6 21. Bf4 Qb4 22.
Bxd6+ cxd6 23. Re2 Qa5 24. Nd2 h5 25. Qf4 h4 26. Qxd6+ Ke8 27. Bc6# 1-0

[Event "AUTO-ADV-2209"]
[Site "http://www.queenalice.com/game.php?id=956753"]
[Date "2011.7.4"]
[Round "1"]
[White "GleidsonVigne"]
[Black "Tigrao"]
[Result "0-1"]
[WhiteElo "1684"]
[BlackElo "1831"]

1. Nc3 e5 2. e4 Nf6 3. d4 exd4 4. Qxd4 Nc6 5. Qe3 d6 6. Nf3 Be6 7. Bd2 Nb4 8.
Nd4 c5 9. a3 cxd4 10. Qe2 Nxc2+ 11. Kd1 Nxa1 12. Nb5 Nb3 13. Qd3 Nxd2 14. Qxd2
Nxe4 15. Qxd4 d5 16. f3 Nd6 17. Nxa7 Qa5 18. Bb5+ Nxb5 19. Nc6 Qa4+ 20. Qxa4
Rxa4 21. Ne5 Rd4+ 22. Kc2 f6 23. Nd3 Bxa3 24. bxa3 Nxa3+ 25. Kc3 Nb5+ 26. Kd2
Bf5 27. Re1+ Kf7 28. Re3 Re8 29. g4 Rxd3+ 30. Rxd3 Bxd3 31. Kxd3 g5 32. Kc2 Nd4+
33. Kc3 Nxf3 34. h3 d4+ 35. Kd3 b5 36. h4 Re3+ 37. Kc2 b4 38. hxg5 d3+ 39. Kb3
d2+ 40. Kc4 d1=Q 41. gxf6 Re8 42. g5 Rc8+ 43. Kxb4 Qb1+ 44. Ka3 Ra8# 0-1

[Event "AUTO-ADV-2209"]
[Site "http://www.queenalice.com/game.php?id=956762"]
[Date "2011.7.4"]
[Round "1"]
[White "jssouza100"]
[Black "GleidsonVigne"]
[Result "1-0"]
[WhiteElo "1852"]
[BlackElo "1694"]

1. e4 e5 2. Nf3 Bd6 3. Bc4 Nf6 4. Nc3 Nc6 5. d3 Bc5 6. Ng5 d5 7. Nxd5 Qd7 8.
Nxf6+ gxf6 9. Nxf7 Rf8 10. Nh6 a6 11. Qh5+ Kd8 12. Nf5 b5 13. Bh6 Nd4 14. Nxd4
Qxd4 15. O-O Re8 16. Bd5 Ra7 17. Bc6 Bd7 18. Be3 Qb4 19. c3 Qxb2 20. Bxc5 Bxc6
21. Bxa7 Qxc3 22. Rac1 Qxd3 23. Rcd1 Qxd1 24. Rxd1+ Kc8 25. Qxh7 Kb7 26. Bc5 a5
27. g3 Rf8 28. Bxf8 f5 29. Qxf5 b4 30. Qxe5 Ba4 31. Rc1 c6 32. Qg7+ Ka6 33. Bc5
b3 34. Qa7+ Kb5 35. Qb6# 1-0

[Event "AUTO-ADV-2209"]
[Site "http://www.queenalice.com/game.php?id=956763"]
[Date "2011.7.4"]
[Round "1"]
[White "GleidsonVigne"]
[Black "jssouza100"]
[Result "0-1"]
[WhiteElo "1714"]
[BlackElo "1857"]

1. Nf3 c5 2. d4 e6 3. d5 Qb6 4. Ne5 Bd6 5. Nc4 Qb4+ 6. Ncd2 Nf6 7. c3 Qg4 8.
dxe6 dxe6 9. h3 Qg6 10. Nc4 Bc7 11. g4 Qe4 12. Bg2 Qxg2 13. Rf1 Qxh3 14. f3 O-O
15. e4 Rd8 16. Bd2 Bg3+ 17. Ke2 b5 18. Nca3 Ba6 19. b4 c4 20. Rh1 Qg2+ 21. Ke3
Qf2# 0-1

[Event "Challenge"]
[Site "http://www.queenalice.com/game.php?id=986800"]
[Date "2011.9.18"]
[Round "-"]
[White "albemo"]
[Black "GleidsonVigne"]
[Result "1-0"]
[WhiteElo "1885"]
[BlackElo "1718"]

1. c4 d5 2. cxd5 Qxd5 3. Nc3 Qf5 4. Nf3 Nf6 5. d3 e5 6. e3 Bd6 7. Be2 O-O 8. O-O
e4 9. dxe4 Nxe4 10. Nxe4 Qxe4 11. Bd3 Qg4 12. Qc2 g6 13. Qc4 Qh5 14. Qh4 Qxh4
15. Nxh4 Nc6 16. Bd2 Ne5 17. Be2 a6 18. Rac1 b5 19. Nf3 Re8 20. Nxe5 Rxe5 21.
Ba5 c5 22. Rfd1 Be7 23. Bf3 Ra7 24. Bb6 Rd7 25. Rxd7 Bxd7 26. Bb7 Re6 27. Bxc5
a5 28. Bxe7 Rxe7 29. Rc7 Kf8 30. Bc6 Bxc6 31. Rxc6 Re4 32. Rc5 b4 33. Kf1 a4 34.
Ke2 f5 35. f3 Re7 36. Rb5 Rc7 37. Rxb4 Rc2+ 38. Kf1 Rc1+ 39. Kf2 Rc2+ 40. Kg3 g5
41. f4 g4 42. Rb5 Ke8 43. a3 Re2 44. Rxf5 Rxb2 45. Ra5 h5 46. Rxa4 Kf7 47. Rb4
Rc2 48. a4 Rc3 49. Re4 Kf6 50. Kh4 Rc2 51. Kg3 Rc7 52. h3 Rg7 53. hxg4 Rxg4+ 54.
Kh3 Rg7 55. a5 Rc7 56. Kh4 Rc5 57. Re5 Rxe5 58. fxe5+ Kxe5 59. a6 Kf5 60. a7 Ke4
61. a8=Q+ Kxe3 62. Kxh5 Kf4 63. Qa4+ Kg3 64. Kg5 Kxg2 65. Qf4 Kg1 66. Kg4 Kh1
67. Kg3 Kg1 68. Qc1# 1-0

[Event "FLA x FLU"]
[Site "http://www.queenalice.com/game.php?id=1019792"]
[Date "2012.1.30"]
[Round "-"]
[White "filipewao"]
[Black "GleidsonVigne"]
[Result "0-1"]
[WhiteElo "1585"]
[BlackElo "1692"]

1. e4 e5 2. Nf3 Nc6 3. Nc3 a6 4. Be2 Nf6 5. Bc4 b5 6. Qe2 bxc4 7. Qxc4 Bb4 8. d3
a5 9. Ng5 Qe7 10. O-O Ba6 11. Nb5 O-O 12. Nxc7 Bxc4 13. Nxa8 Rxa8 14. dxc4 h6
15. Nf3 Nxe4 16. a3 Bc5 17. Be3 Bxe3 18. fxe3 Qc5 19. b4 Qxc4 20. Rab1 axb4 21.
axb4 Ra2 22. b5 Qxc2 23. Nh4 g5 24. Nf3 Qxg2# 0-1